000 00918nam a2200289Ia 4500
005 20220316235839.0
008 121119s2002 mx gr 001 0 spa
020 _a9586861033
041 1 _aspa
082 0 4 _a530.10711
_bR22F1
100 1 _aReese, Ronald Lane
245 1 0 _aFisica universitaria, 1
_cRonald Lane Reese ; traducción Raúl León
250 _aPrimera edición
300 _a704 páginas
_c28 cm
500 _aIncluye índice
504 _aIncluye bibliografía
650 1 4 _aFísica
_xEnseñanza
_2LEMB
650 1 4 _aMatemáticas
_xPreguntas y respuestas
_2LEMB
650 1 4 _aFísica
_xPreguntas y respuestas
_2LEMB
700 1 _aLeón, Raúl
_etraductor
_934628
942 _2ddc
_cBK
264 _aMéxico
_bThomson
_c2002
336 _atexto
_btxt
_2rdacontent
337 _asin mediación
_bn
_2rdamedia
338 _avolumen
_bnc
_2rdacarrier
040 _aCO-BoRNBP
_bspa
_erda
_cCO-BoRNBP
999 _c2362
_d2362